Electricity and magnetism

Saved in:
Bibliografiske detaljer
Hovedforfatter: Purcell, Edward M (Author)
Format: Bog
Sprog:engelsk
Udgivet: Nueva York McGraw-Hill 1985
Udgivelse:2a. ed
Serier:Berkeley Physics Course, 2
Fag:
Tags: Tilføj Tag
Ingen Tags, Vær først til at tagge denne postø!

MARC

LEADER 00000nam a2200000 a 4500
001 UCZ2041
003 CL-VaPUC
008 950925e19850000US |||||||||||||||||eng|d
082 0 4 |a 537  |b PUR  |2 21 
100 0 |a Purcell, Edward M  |e author  |9 345813 
245 1 0 |a Electricity and magnetism 
250 |a 2a. ed 
300 |a 484 p 
942 |c BK 
945 |d 19950925 00:00:00  |a awong 
260 |a Nueva York  |b McGraw-Hill  |c 1985 
650 0 |a Electricidad  |9 260222 
650 0 |a Electromagnetismo   |9 260123 
650 7 |a POTENCIAL ELECTRICO  |2 CL-VaPUC  |9 345814 
650 7 |a ELECTROSTATICA  |2 CL-VaPUC  |9 345815 
650 7 |a CAMPOS ELECTRICOS  |2 CL-VaPUC  |9 345816 
650 0 |a Magnetismo  |9 260336 
583 |a last modification  |c 19950925 00:00:00  |k Rodrigo Vera 
490 0 |a Berkeley Physics Course, 2 
999 |c 238699  |d 238697 
952 |0 0  |1 0  |4 0  |6 537_000000000000000_PUR_1985  |7 0  |8 A  |9 249094  |a BIBCUR  |b BIBCUR  |d 2019-11-18  |i 3037002  |l 11  |m 8  |o 537 PUR 1985  |p 3037002  |r 2025-04-22  |s 2024-10-14  |w 2019-11-18  |y BK  |k FIS